|
|
|
|
| LEADER |
01170nam a2200277 a 4500 |
| 001 |
2600121 |
| 008 |
100208s1998 nyu b 001 0 eng d |
| 010 |
|
|
|a 97045081
|
| 020 |
|
|
|a 0471247375 (cloth : alk. paper)
|
| 040 |
|
|
|a DLC
|c DLC
|d DLC
|d BD-DhAAL
|
| 082 |
0 |
0 |
|a 332.67/8
|2 21
|
| 100 |
1 |
|
|a Mintz, Steven L.
|
| 245 |
1 |
0 |
|a Beyond Wall Street :
|b the art of investing /
|c S.L. Mintz, Dana Dakin, Thomas Willison.
|
| 260 |
|
|
|a New York :
|b Wiley,
|c c1998.
|
| 300 |
|
|
|a xiii, 226 p. ;
|c 24 cm.
|
| 504 |
|
|
|a Includes bibliographical references (p. 207-218) and index.
|
| 541 |
|
|
|e 00007972
|
| 650 |
|
0 |
|a Investments
|z United States.
|
| 650 |
|
0 |
|a Investment analysis
|z United States.
|
| 700 |
1 |
|
|a Dakin, Dana.
|
| 700 |
1 |
|
|a Willison, Thomas.
|
| 852 |
4 |
|
|a Ayesha Abed Library
|j General shelf
|
| 942 |
0 |
0 |
|0 1
|
| 999 |
|
|
|c 7368
|d 7368
|
| 952 |
|
|
|0 0
|1 0
|2 ddc
|4 0
|6 332_678000000000000_MIN_1998
|7 0
|9 7864
|a BRACUL
|b BRACUL
|c GEN
|d 2010-02-08
|l 1
|m 30
|o 332.678 MIN
|p 3010007972
|r 2016-05-11
|s 2015-11-07
|t 1
|w 2010-02-08
|y BK
|
| 952 |
|
|
|0 0
|1 0
|2 ddc
|4 0
|6 332_678000000000000_MIN_1998
|7 0
|9 7865
|a BRACUL
|b BRACUL
|c GEN
|d 2010-02-08
|l 4
|m 5
|o 332.678 MIN
|p 3010007973
|r 2025-05-04
|s 2025-04-20
|t 2
|w 2010-02-08
|y BK
|